书目信息 |
| 题名: |
合成氨生产工艺
|
|
| 作者: | ;大连工学院 编 | |
| 分册: | ||
| 出版信息: | 北京 石油化学工业出版社 1978 |
|
| 页数: | 324页 | |
| 开本: | 19cm | |
| 丛书名: | ||
| 单 册: | ||
| 中图分类: | TQ113.26 | |
| 科图分类: | ||
| 主题词: | 合成氨生产--生产工艺 | |
| 电子资源: | ||
| ISBN: | ||
| 000 | 00593nam0 2200205 45 | |
| 001 | 0178000023 | |
| 005 | 20060805150925.76 | |
| 010 | @dCNY0.75 | |
| 100 | @a19950913d1978 em y0chiy0121 ea | |
| 101 | 0 | @achi |
| 102 | @aCN@b110000 | |
| 105 | @ay z 000yy | |
| 200 | 10 | @a合成氨生产工艺@Ahe cheng an sheng chan gong yi@e日产千吨合成氨厂@f大连工学院编 |
| 210 | @a北京@c石油化学工业出版社@d1978 | |
| 215 | @a324页@d19cm | |
| 606 | @a合成氨生产@x生产工艺 | |
| 690 | @aTQ113.26@v3 | |
| 711 | 02 | @a大连工学院@Ada lian gong xue yuan@4编 |
| 801 | 0 | @aCN@bTSSF@c20060805 |
| 905 | @a10447@dTQ113.26@e14 | |
| 合成氨生产工艺:日产千吨合成氨厂/大连工学院编.-北京:石油化学工业出版社,1978 |
| 324页;19cm |
| ISBN :CNY0.75 |
| ● |
| 相关链接 |
|
|
|
|
正题名:合成氨生产工艺
索取号:TQ113.26/14
 
预约/预借
| 序号 | 登录号 | 条形码 | 馆藏地/架位号 | 状态 | 备注 |
| 1 | 0451595 | 204515952 | 密集书库/ [索取号:TQ113.26/14] | 在馆 | |
| 2 | 0451596 | 204515961 | 密集书库/ [索取号:TQ113.26/14] | 在馆 |